Konrad Adenauer 1876 - 1976

Uloženo v:
Podrobná bibliografie
Hlavní autoři: Frei Montalva, Eduardo (Autor), Scheel, Walter (Autor), Kohl, Helmut (Autor), Kiesinger, Kurt-Georg (Autor), Aron, Raymond (Autor), Blanco, Guillermo (Autor), Mahncke, Dieter (Autor), Altmann, Rudiger (Autor), Blanco, Mónica (Autor)
Médium: Kniha
Jazyk:španělština
Vydáno: Santiago Aconcagua 1976
Edice:Lautaro
Témata:
Tagy: Přidat tag
Žádné tagy, Buďte první, kdo vytvoří štítek k tomuto záznamu!

MARC

LEADER 00000nam a2200000 a 4500
001 UCT6825
003 CL-VaPUC
008 970113e19760000CL |||||||||||||||||spa|d
082 0 4 |a 923.1  |b FRE  |2 21 
100 |a Frei Montalva, Eduardo  |e author  |9 255811 
700 0 |a Scheel, Walter  |e author  |9 377061 
700 0 |a Kohl, Helmut  |e author  |9 377062 
700 0 |a Kiesinger, Kurt-Georg  |e author  |9 377063 
700 0 |a Aron, Raymond  |e author  |9 377064 
700 0 |a Blanco, Guillermo  |e author  |9 377065 
700 0 |a Mahncke, Dieter  |e author  |9 377066 
700 0 |a Altmann, Rudiger  |e author  |9 377067 
700 0 |a Blanco, Mónica  |e author  |9 377068 
245 1 0 |a Konrad Adenauer 1876 - 1976 
300 |a 153 p 
942 |c BK 
945 |d 19970113 00:00:00  |a paguirre 
260 |a Santiago  |b Aconcagua  |c 1976 
650 0 |a Biografías  |9 255210 
650 0 |a Políticos   |9 256302 
650 7 |a SISTEMAS POLITICOS  |2 CL-VaPUC  |9 377069 
650 0 |a Acción política  |9 341245 
651 0 |a Alemania  |9 255688 
583 |a last modification  |c 19970113 00:00:00  |k Rodrigo Vera 
490 0 |a Lautaro 
999 |c 255495  |d 255493 
952 |0 0  |1 0  |4 0  |6 923_100000000000000_FRE_1976  |7 0  |8 A  |9 277743  |a BIBHIS  |b BIBHIS  |d 2019-11-19  |i 1382802  |o 923.1 FRE 1976  |p 1382802  |r 2025-01-20  |w 2019-11-19  |y BK  |k HIS 
952 |0 0  |1 0  |4 0  |6 923_100000000000000_FRE_1976  |7 0  |8 P  |9 277744  |a BIBDER  |b BIBDER  |d 2019-11-19  |i 3964418  |o 923.1 FRE 1976  |p 3964418  |r 2023-01-25  |w 2019-11-19  |y BK  |k DER